Statistics for Countries in their Native Language #1

Click here to take the quiz!

General Stats

  • This quiz has been taken 49 times
  • The average score is 10 of 15

Answer Stats

EnglishOfficial Language% Correct
SpainEspaña/Espanya/Espanha
100%
GermanyDeutschland
95%
FranceFrance
93%
AustriaÖsterreich/Avstrija/Austrija/Ausztria
90%
FinlandSuomi
88%
IrelandÉire
88%
JapanNihon/Nippon
88%
BrazilBrasil
88%
Ivory CoastCôte d'Ivoire
80%
SwitzerlandSchweiz/Suisse/Svizzera/Svizra
78%
IcelandÍsland
70%
CyprusKýpros/Kıbrıs
33%
LuxembourgLëtzebuerg
25%
GeorgiaSakartvelo
10%
UzbekistanOʻzbekiston
8%

Score Distribution

Percentile by Number Answered

Percent of People with Each Score

Your Score History

You have not taken this quiz